Computer aided screening of natural antimicrobials against putative drug targets of Heliobacter pylori 26695-an in silico designing approach (Record no. 217526)

MARC details
000 -LEADER
fixed length control field 00667nam a2200133Ia 4500
008 - FIXED-LENGTH DATA ELEMENTS--GENERAL INFORMATION
fixed length control field 231221s9999 xx 000 0 und d
041 ## - LANGUAGE CODE
Language code of text/sound track or separate title English
082 ## - DEWEY DECIMAL CLASSIFICATION NUMBER
Classification number JNBT11-219
100 ## - MAIN ENTRY--PERSONAL NAME
Personal name Bhattacharjee, B. Chatterjee, J. Jacob, P. Krishnamurthy, V.
245 #0 - TITLE STATEMENT
Title Computer aided screening of natural antimicrobials against putative drug targets of Heliobacter pylori 26695-an in silico designing approach
260 ## - PUBLICATION, DISTRIBUTION, ETC.
Date of publication, distribution, etc. 2011
Name of publisher, distributor, etc. Journal of Natural Science
500 ## - GENERAL NOTE
General note 2011. Computer aided screening of natural antimicrobials against putative drug targets of Heliobacter pylori 26695-an in silico designing approach, Journal of Natural Science, Vol. 2(2).
942 ## - ADDED ENTRY ELEMENTS (KOHA)
Koha item type Institutional repository
Holdings
Date last seen Total checkouts Full call number Accession number Uniform resource identifier Price effective from Category Lost status Damaged status Department Withdrawn status Home library Current library Shelving location Entry date Grants Currency symbol Conversion rate Discount Old discount
26/01/2024   JNBT11-219 IR219 https://go.gale.com/ps/anonymous?id=GALE%7CA293860124&sid=googleScholar&v=2.1&it=r&linkaccess=abs&issn=09769668&p=AONE&sw=w 26/01/2024 Institutional repository     BT   Central Library Central Library Central Library   BT RS 1    

© For any Suggestions or Query, please contact the library staff @ librarian@pes.edu or Phone: +9180 2672 1983/ 2108.